Basketteurs en E et F (2000-2025) - Statistiques

Statistiques générales
  • Ce quiz a été pris 69 fois
    56 depuis la dernière actualisation
  • Le résultat moyen est 10 sur 20
Statistiques - réponses
Par images Réponse % Correct
Joel Embiid
100%
Anthony Edwards
98%
Evan Fournier
98%
Cooper Flagg
94%
De'Aaron Fox
86%
Zach Edey
80%
Patrick Ewing
78%
Markelle Fultz
61%
VJ Edgecombe
57%
Tari Eason
45%
Monta Ellis
39%
Dorian Finney-Smith
37%
Kenneth Farried
33%
Tyreke Evans
24%
Derek Fisher
20%
Raymond Felton
18%
Derrick Favors
16%
Steve Francis
14%
Michael Finley
12%
Randy Foye
8%
Aucun quiz correspondant
Distribution des résultats
% des personnes avec chaque résultat
Percentile par nombre de réponses
Votre historique - résultats
Vous n’avez pas pris ce quiz depuis la dernière actualisation